| 000 | 00952nam a2200301 a 4500 | ||
|---|---|---|---|
| 003 | AR-BaBNM | ||
| 005 | 20251128210348.0 | ||
| 008 | 082120s2002 ||||||||||||||000 | spa|| | ||
| 020 | _a987-9336-11-9 | ||
| 040 | _cAR-BaBNM | ||
| 245 | 0 | 0 |
_aPablo A. Ramella _bun jurista en el parlamento |
| 260 |
_aBuenos Aires _bCírculo de Legisladores de la Nación Argentina _c1998 |
||
| 300 | _a93 p. | ||
| 490 | 0 |
_aVidas, ideas y obras de los legisladores argentinos _vv. 22 |
|
| 500 | _aContiene textos parlamentarios de Pablo A. Ramella | ||
| 600 | 1 | 4 | _aRamella, Pablo A. |
| 650 | 4 | _aHISTORIA ARGENTINA | |
| 650 | 4 | _aBIOGRAFIAS | |
| 650 | 4 | _aHISTORIA POLITICA ARGENTINA | |
| 650 | 4 | _aLEGISLACION ARGENTINA | |
| 650 | 4 | _aSIGLO VEINTE | |
| 650 | 4 | _aPARTIDOS POLITICOS ARGENTINOS | |
| 655 | _aBIOGRAFIAS | ||
| 700 | 1 |
_aGonzález Arzac, Alberto _eprologuista |
|
| 800 | 1 |
_aMárquez, Alfonso Carlos _edirector |
|
| 942 | _cBK | ||
| 998 | _cMariana | ||
| 999 |
_c15141 _d15141 |
||